<?xml version="1.0" encoding="UTF-8"?>
<record
    xmlns:xsi="http://www.w3.org/2001/XMLSchema-instance"
    xsi:schemaLocation="http://www.loc.gov/MARC21/slim http://www.loc.gov/standards/marcxml/schema/MARC21slim.xsd"
    xmlns="http://www.loc.gov/MARC21/slim">

  <leader>01020nam1a22002891  4500</leader>
  <controlfield tag="001">rc\620247</controlfield>
  <controlfield tag="005">20260407073403.0</controlfield>
  <datafield tag="035" ind1=" " ind2=" ">
    <subfield code="a">(NLR Aleph) 005950420</subfield>
  </datafield>
  <datafield tag="090" ind1=" " ind2=" ">
    <subfield code="a">6759642</subfield>
    <subfield code="c">6759642</subfield>
  </datafield>
  <datafield tag="100" ind1=" " ind2=" ">
    <subfield code="a">20031121d1986    u  y0rusy50      ca</subfield>
  </datafield>
  <datafield tag="101" ind1="0" ind2=" ">
    <subfield code="a">rus</subfield>
  </datafield>
  <datafield tag="102" ind1=" " ind2=" ">
    <subfield code="a">RU</subfield>
  </datafield>
  <datafield tag="105" ind1=" " ind2=" ">
    <subfield code="a">y   |||||||||</subfield>
  </datafield>
  <datafield tag="200" ind1="1" ind2=" ">
    <subfield code="a">&#x411;&#x438;&#x43B;&#x435;&#x442; &#x43D;&#x430; &#x432;&#x441;&#x44E; &#x432;&#x435;&#x447;&#x43D;&#x43E;&#x441;&#x442;&#x44C;</subfield>
    <subfield code="e">&#x41F;&#x43E;&#x432;&#x435;&#x441;&#x442;&#x44C; &#x43E;&#x431; &#x42D;&#x440;&#x43C;&#x438;&#x442;&#x430;&#x436;&#x435;</subfield>
    <subfield code="e">&#x412; 3 &#x447;.</subfield>
    <subfield code="f">&#x421;. &#x412;&#x430;&#x440;&#x448;&#x430;&#x432;&#x441;&#x43A;&#x438;&#x439;, &#x411;. &#x420;&#x435;&#x441;&#x442;</subfield>
  </datafield>
  <datafield tag="205" ind1=" " ind2=" ">
    <subfield code="a">3-&#x435; &#x438;&#x437;&#x434;.</subfield>
  </datafield>
  <datafield tag="210" ind1=" " ind2=" ">
    <subfield code="a">&#x41B;.</subfield>
    <subfield code="c">&#x41B;&#x435;&#x43D;&#x438;&#x437;&#x434;&#x430;&#x442;</subfield>
    <subfield code="d">1986</subfield>
  </datafield>
  <datafield tag="215" ind1=" " ind2=" ">
    <subfield code="d">20</subfield>
  </datafield>
  <datafield tag="225" ind1="1" ind2=" ">
    <subfield code="a">&#x411;&#x438;&#x431;&#x43B;&#x438;&#x43E;&#x442;&#x435;&#x43A;&#x430; &#x43C;&#x43E;&#x43B;&#x43E;&#x434;&#x43E;&#x433;&#x43E; &#x440;&#x430;&#x431;&#x43E;&#x447;&#x435;&#x433;&#x43E;</subfield>
  </datafield>
  <datafield tag="300" ind1=" " ind2=" ">
    <subfield code="a">&#x41F;&#x435;&#x440;&#x435;&#x434; &#x432;&#x44B;&#x43F;. &#x434;&#x430;&#x43D;. 2-&#x439; &#x430;&#x432;&#x442;.: &#x42E;&#x43B;&#x438;&#x439; &#x418;&#x441;&#x430;&#x430;&#x43A;&#x43E;&#x432;&#x438;&#x447; &#x420;&#x435;&#x441;&#x442; (&#x411;. &#x420;&#x435;&#x441;&#x442;)</subfield>
  </datafield>
  <datafield tag="700" ind1=" " ind2="1">
    <subfield code="a">&#x412;&#x430;&#x440;&#x448;&#x430;&#x432;&#x441;&#x43A;&#x438;&#x439;</subfield>
    <subfield code="b">&#x421;.&#x41F;.</subfield>
    <subfield code="f">1906-1980</subfield>
    <subfield code="g">&#x421;&#x435;&#x440;&#x433;&#x435;&#x439; &#x41F;&#x435;&#x442;&#x440;&#x43E;&#x432;&#x438;&#x447;</subfield>
  </datafield>
  <datafield tag="701" ind1=" " ind2="1">
    <subfield code="a">&#x420;&#x435;&#x441;&#x442;</subfield>
    <subfield code="b">&#x411;.</subfield>
  </datafield>
  <datafield tag="712" ind1="0" ind2="2">
    <subfield code="a">&#x42D;&#x440;&#x43C;&#x438;&#x442;&#x430;&#x436;</subfield>
    <subfield code="c">&#x41B;&#x435;&#x43D;&#x438;&#x43D;&#x433;&#x440;&#x430;&#x434;</subfield>
    <subfield code="3">RU\NLR\AUTH\883314</subfield>
    <subfield code="9">277858</subfield>
  </datafield>
  <datafield tag="801" ind1=" " ind2="0">
    <subfield code="a">RU</subfield>
    <subfield code="b">NLR</subfield>
    <subfield code="g">psbo</subfield>
  </datafield>
  <datafield tag="801" ind1=" " ind2="1">
    <subfield code="a">RU</subfield>
    <subfield code="b">ELAR</subfield>
    <subfield code="2">rusmarc</subfield>
  </datafield>
  <datafield tag="852" ind1=" " ind2=" ">
    <subfield code="a">NLR</subfield>
    <subfield code="j">86-3/8524</subfield>
  </datafield>
  <datafield tag="942" ind1=" " ind2=" ">
    <subfield code="c">BOOK</subfield>
  </datafield>
  <datafield tag="980" ind1=" " ind2=" ">
    <subfield code="a">NB</subfield>
  </datafield>
</record>
